| 000 -LEADER |
| fixed length control field |
01052nam a2200205Ia 4500 |
| 003 - CONTROL NUMBER IDENTIFIER |
| control field |
OSt |
| 005 - DATE AND TIME OF LATEST TRANSACTION |
| control field |
20241004111123.0 |
| 007 - PHYSICAL DESCRIPTION FIXED FIELD--GENERAL INFORMATION |
| fixed length control field |
ca aa aaaaa |
| 008 - FIXED-LENGTH DATA ELEMENTS--GENERAL INFORMATION |
| fixed length control field |
201103s9999 xx 000 0 und d |
| 040 ## - CATALOGING SOURCE |
| Transcribing agency |
SSBUL |
| 041 ## - LANGUAGE CODE |
| Language code of text/sound track or separate title |
bur |
| 082 ## - DEWEY DECIMAL CLASSIFICATION NUMBER |
| Edition number |
23 |
| Classification number |
၂၉၄.၃၀၉၂ ဇိ |
| Item number |
၉၃၃၀ S-SAT |
| 100 0# - MAIN ENTRY--PERSONAL NAME |
| Personal name |
ဇိန၊ အသျှင် |
| 9 (RLIN) |
17411 |
| 245 10 - TITLE STATEMENT |
| Title |
အရှေ့ကျောင်းကြီးဆရာတော် အဂ္ဂမဟာပဏ္ဍိတ အသျှင်ဦးကုဝေရဆရာတော်ဘုရား အတ္ထုပ္ပတ္တိ / |
| Statement of responsibility, etc. |
အသျှင်ဇိန။ |
| 260 ## - PUBLICATION, DISTRIBUTION, ETC. |
| Place of publication, distribution, etc. |
ဟိုပင် ၊ |
| Name of publisher, distributor, etc. |
မြသီတာပုံနှိပ်တိုက်ပိုင်ရှင်၊ |
| Date of publication, distribution, etc. |
[၁၉၆၁]။ |
| 300 ## - PHYSICAL DESCRIPTION |
| Extent |
၅၀ စာမျက်နှာ ၊ |
| Other physical details |
ဓါတ်ပုံများ၊ |
| Dimensions |
၁၇ စင်တီ။ |
| 500 ## - GENERAL NOTE |
| General note |
S-SAT: Dr. Sai Aung Tun |
| 650 ## - SUBJECT ADDED ENTRY--TOPICAL TERM |
| Topical term or geographic name entry element |
အသျှင် ဦးကုဝေရ |
| General subdivision |
အတ္ထုပ္ပတ္တိ |
| 9 (RLIN) |
54867 |
| 942 ## - ADDED ENTRY ELEMENTS (KOHA) |
| Source of classification or shelving scheme |
|
| Koha item type |
Book (Short term) |